01599nam a22003977a 4500003000500000005001700005008004100022010001000063011001000073035001000083040000900093090001000102100003400112245008100146260004000227300001900267500001200286502007700298590003700375590004100412590004100453590004100494590004100535590004200576650005600618650004800674650005300722901000700775942000900782949004300791949005500834949003400889999001700923952013300940952012801073CHAP20220329141223.0971010s1986 r 00010 d a64600 a65572 a72577 cCHAP aTesis00aParra Hake, Heriberto.985729 aIntroducción al estudio de las plantas alimenticias de Baja California Sur aChapingo, Méx. :bEl autor,c1986 a82 p.b: ilus. aD98-100 aTesis (Ing. Agr. Esp. en Fitotecnia) -- UACH. Departamento de Fitotecnia aALEPHb10c20130110lUCH01h1353 aBATCH-UPDb10c20130110lUCH01h0432 aBATCH-UPDb10c20130110lUCH01h2235 aBATCH-UPDb10c20130410lUCH01h0107 aBATCH-UPDb10c20130914lUCH01h0739 aCONVERSIONb10c20130109lUCH01h133514aBotánica económicaxBaja California Sur.91465914aEtnobotánicaxBaja California Sur.93861414aPlantas comestiblesxBaja California Sur.988910 aBK cFOLL bBCcTESd-143216eTS1h28796i72577si bBCcTESd33724000077194eTS2fc.2h28797i72577si bZAcTESd-5287eTS1i72577si c64600d64600 00102local4053708TESISaBCbBCcPA_TESISd2019-12-31fTESISl0p33724000077194r2019-12-31 00:00:00tc.2w2019-12-31yTESIS 00102local4051708TESISaBCbBCcPA_TESISd2019-12-31fTESISl0oTesisp-143216r2019-12-31 00:00:00w2019-12-31yTESIS